000 00585nam a22002057a 4500
003 0
005 20250917111327.0
008 240425b xxu||||| |||| 00| 0 eng d
020 _a9780746061961
050 _aTR(PS
_bGru885 2019
082 _aTR(PS
_bGru885 2019
100 _aAmery, Heather
245 _aThe grumpy goat
_cHeather Amery
260 _aLondon
_bUsborne Publishing, Ltd.
_cc2019.
300 _aunpaged:
_bcolored illustrations ;
_c22cm.
650 _aChildren's stories.
650 _aGoat--Childrens literature.
650 _aGoat--Fiction.
942 _2ddc
_cBK
999 _c365955
_d365955